000 00926nam0a22002531 4500
001 rc\720959
005 20260406142028.0
010 _a5-89563-001-4
_95000
035 _a(NLR Aleph) 005964251
090 _a6878931
_c6878931
100 _a20031121d1997 |||y0rusy50 ca
101 0 _arus
102 _aRU
105 _ay |||||||||
200 1 _aЖИЛИЩНОЕ законодательство России
_eСб. нормат. документов с коммент.
_fАгентство "Бизнес-информ"
_g[Сост. Примаков Д.В.]
210 _aМ.
_cАгентство "Бизнес-информ"
_d1997
215 _a422 с.
_d20
702 1 _aПримаков
_bД.В.
_4220
712 0 2 _a"Бизнес-информ", агентство
_cМосква
_3RU\NLR\AUTH\889921146
_9338449
801 0 _aRU
_bNLR
_gpsbo
801 1 _aRU
_bELAR
_2rusmarc
852 _aNLR
_j97-3/4810
942 _cBOOK
980 _aNB